Zákon o sociálnom poistení

Bibliographic Details
Format: Article
Language:Slovak
ISSN:1335-1508
Subjects:

MARC

LEADER 00000nab a2200000 a 4500
001 vtls000875058
003 SK-MaSNL
005 20260304112921.0
008 250429c2004 xo 0 slo
015 |a SNBRB2004/06-17470 
035 |a CLN000226610 
035 |a (urnnbn)urn:nbn:sk:snk:ar-a07zv2 
035 |a (uuid)557aee66-cdd9-4a49-994e-51d8dcaf8930 
035 |a urn:nbn:sk:snk-ab8cau 
040 |a SNKBUCL  |b slo  |c SNKBUCL  |e AACR2 
041 0 |a slo 
044 |a xo  |c SK 
080 |a 340.130:369  |2 1997 
080 |a 369  |2 1997 
100 1 |a Hvojník, Igor  |4 oth  |9 8724 
245 1 0 |a Zákon o sociálnom poistení  |c [autor komentára] Igor Hvojník 
650 0 7 |a sociálne poistenie  |x zákony  |2 snkbucl  |9 21465 
655 7 |a články z novín a časopisov  |2 snkbucl  |9 267496 
773 0 |t Personálny a mzdový poradca podnikateľa  |g Č. 2-3 (2004), s. 4-211  |x 1335-1508 
850 |a Slovenská národná knižnica 
852 |a Slovenská národná knižnica 
954 |a odborná, vedecká literatúra pôvodná (slovenská)  |2 lita 
958 |a article9 
958 |a OND 
958 |a EUIPO 
999 |c 2867539  |d 2869469